000 00342 a2200169 4500
001 180288
020 _a85-08-08916-3
040 _cMagnum
100 _aFigueira, Divalte Garcia
240 1 0 _aHistória
_lpor
245 1 0 _aHistória
300 _a432
362 0 _a2003
440 1 _aÁtica
697 _aHISTÓRIA GERAL
942 _cBK
999 _c180288
_d180288